Tìm hiểu ngoại thương Việt Nam qua "con đường gốm sứ trên biển" /

Tallennettuna:
Bibliografiset tiedot
Päätekijä: Bùi Minh Trí
Aineistotyyppi: Artikkeli
Kieli:Vietnamese
Aiheet:
Tagit: Lisää tagi
Ei tageja, Lisää ensimmäinen tagi!
Thư viện lưu trữ: Thư viện Trường Đại học Đà Lạt
LEADER 00797nam a2200289 4500
001 DLU060054083
040 # # |a DLU  |b vie 
041 # # |a vie 
044 # # |a vn 
100 # # |a Bùi Minh Trí 
245 # # |a Tìm hiểu ngoại thương Việt Nam qua "con đường gốm sứ trên biển" /  |c Bùi Minh Trí 
653 # # |a Di vật 
653 # # |a Gốm sứ 
653 # # |a Kinh tế hàng hoá 
653 # # |a Ngoại thương 
773 # # |t Khảo cổ học  |g Số 5, 2003, tr.49 - 74 
920 # # |a Phòng Tạp chí -- Trung tâm Thông tin - Thư viện Trường Đại học Đà Lạt 
933 # # |a LS 
994 # # |a DLU 
900 # # |a True 
911 # # |a Nguyễn Thị Yên 
925 # # |a G 
926 # # |a A 
927 # # |a BB 
980 # # |a Thư viện Trường Đại học Đà Lạt